Statistics for Ελλάδα Trivia - Πολλαπλής επιλογής

Click here to take the quiz!

General Stats

  • This quiz has been taken 525 times
    (489 since last reset)
  • The average score is 6 of 15

Answer Stats

QuestionAnswer% Correct
Ποιο είναι το επίσημο εθνικό ρητό της Ελλάδας;Ελευθερία ή Θάνατος
71%
Πότε ψήφισαν για πρώτη φορά στην Ελλάδα οι γυναίκες σε Εθνικές Εκλογές;Το 1952
69%
Πόσοι Έλληνες έχουν κερδίσει βραβείο Νόμπελ;Δύο
61%
Ποια είναι η πρώτη αναφορά σε τυρί που πιθανότατα πρόκειται για τη φέτα;Στον Όμηρο
54%
Ποια είναι περίπου η μέση ηλικία των Ελλήνων σήμερα;44 έτη
52%
Σε ποιο από τα παρακάτω η Ελλάδα κατέχει την πρώτη θέση;Ιδιοκτησία εμπορικών πλοίων
42%
Ποια είναι η υψηλότερη εκτίμηση για προέλευση λέξεων της αγγλικής γλώσσας από τα ελληνικά;~15%
40%
Κατά το Β'ΠΠ και την Κατοχή, τι ποσοστό είχε σε νεκρούς η Ελλάδα από τον πληθυσμό της;11%
36%
Από ποιους κέρδισε η σύγχρονη Ελλάδα την ανεξαρτησία της;Όλους τους παραπάνω
29%
Τι από τα παρακάτω αληθεύει;Όλα τα παραπάνω
28%
Προς ποια χώρα είχε τις υψηλότερες εξαγωγές η Ελλάδα το 2019;Ιταλία
27%
Ποιο μέρος θεωρείται ως κοιτίδα των πρώτων ελληνικών φύλων, με βάση την ανάπτυξη μιας πρώιμης ελληνικής γλώσσας;Η Ήπειρος
26%
Πόσοι τουρίστες επισκέφθηκαν την Ελλάδα το 2018;33 εκατομμύρια
23%
Από πού προέρχεται η λέξη "Γραικός" και η αγγλική ονομασία της χώρας "Greece";Από ένα ελληνικό φύλο της Κάτω Ιταλίας
21%
Σε ποιο αγώνισμα ΔΕΝ έχει κερδίσει χρυσό μετάλλιο η Ελλάδα σε Ολυμπιακούς Αγώνες;Κωπηλασία
5%

Score Distribution

Percentile by Number Answered

Percent of People with Each Score

Your Score History

You have not taken this quiz since the last reset